00739 2200277 4500001002100000005001500021035002000036007000300056008004100059020002200100082001400122084002000136100002100156245007900177250001300256260002600269300002200295650002800317700002100345856001500366990001600381990001600397990001600413990001600429990001600445INLIS00000000000685820240903101457 a0010-0924000012ta240903 0 ind  a978-979-044-799-8 a616.904 1 a616.904 1 KAR m0 aKaren C. Carroll1 aMikrobiologi Kedokteran :bJawetz, Melnick, & Adelberg /cKaren C. Carroll aEdisi 27 aJakarta :bEGC,c2023 axiv,914p. ;c29cm 4aMicrobiologi Kedokteran0 aStephen A. Morse akedokteran a00000000529 a00000000530 a00000000528 a00000000531 a00000000532